La inmigración : una llamada a la interculturalidad. El caso de la Isla de Gran Canaria, España /

La inmigración, alentada, en gran parte, por la globalización, se está convirtiendo en uno de los temas de mayor atención de nuestra sociedad. Destacar el hecho relacionado con Canarias, una de las regiones españolas en la que dicha inmigración impacta de forma singular dadas sus características geo...

Full description

Bibliographic Details
Main Author: García Cabrera, Angela
Format: Analitica de revista
Language:Spanish
Published: Santiago, Chile Pontificia Universidad Católica de Chile 2007
Subjects:

MARC

LEADER 00000cab a2200000 a 4500
001 026026
003 UAHC_CL
005 20180807174459.0
008 090415s cl 000 spa
952 |0 0  |1 0  |2 ddc  |4 0  |6 BOL___INVEST__EDUC_02_07_000000000000000  |7 0  |8 COMP  |9 52815  |a BC  |b BC  |c General  |d 2017-08-03  |l 0  |o BOL. INVEST. EDUC.-02/07  |r 2018-01-17 00:00:00  |w 2017-08-03  |y REVA 
999 |c 26026  |d 26026 
040 |a UAHC_CL  |c UAHC_CL  |d UAHC_CL 
100 1 |a García Cabrera, Angela 
245 1 3 |a La inmigración :  |b una llamada a la interculturalidad. El caso de la Isla de Gran Canaria, España /  |c Angela García Cabrera. 
260 |b Pontificia Universidad Católica de Chile  |c 2007  |a Santiago, Chile 
300 |a p. 11-34 
500 |a En: Boletín de investigación educacional, nº02, vol. 22, 2007. p. 11-34. ISSN 07172494. 
520 |a La inmigración, alentada, en gran parte, por la globalización, se está convirtiendo en uno de los temas de mayor atención de nuestra sociedad. Destacar el hecho relacionado con Canarias, una de las regiones españolas en la que dicha inmigración impacta de forma singular dadas sus características geográficas -entorno geográfico frágil, discontinuo, al ser islas-, y con alta densidad poblacional. 
650 4 |a Interculturalidad 
650 4 |a DIVERSIDAD CULTURAL 
653 |a PEDAGOGIA EN EDUCACION BASICA 
773 0 |t Boletín de Investigación Educacional.  |w 025995 
900 |a BOL. INVEST. EDUC.-02/07 
942 |c REVA  |2 ddc